Κατάλογος Βιβλιοθηκών Mediterranean College

Διαφυλικές Σχέσεις / Εισηγήσεις στο Σεμινάριο Κατάρτισης Εκπαιδευτικών-Στελεχών σε Θέματα Σεξουαλικής Αγωγής και Ισότητας των Φύλων. (Record no. 368)

MARC details
000 -LEADER
fixed length control field 01755cam a22002294a 4500
005 - ΗΜΕΡΟΜΗΝΙΑ ΚΑΙ ΩΡΑ ΤΕΛΕΥΤΑΙΑΣ ΕΝΗΜΕΡΩΣΗΣ
Πεδίο ελέγχου 20250605163932.0
008 - FIXED-LENGTH DATA ELEMENTS--GENERAL INFORMATION
Πεδίο ελέγχου σταθερού μήκους 250528s ||||||||||||||||||||||||d
035 ## - SYSTEM CONTROL NUMBER
System control number 14748
020 ## - ISBN
ISBN 9603440973
040 ## - ΠΗΓΗ ΚΑΤΑΛΟΓΟΓΡΑΦΗΣΗΣ
Φορέας πρωτότυπης καταλογογράφησης MC Athens Campus Library
Γλώσσα καταλογογράφησης Ελληνικά, Μοντέρνα (1453-)
Modifying agency MC Athens Campus Library
Κανόνες περιγραφικής καταλογογράφησης AACR2
245 1# - ΤΙΤΛΟΣ ΚΑΙ ΔΗΛΩΣΗ ΥΠΕΥΘΥΝΟΤΗΤΑΣ
Τίτλος Διαφυλικές Σχέσεις / Εισηγήσεις στο Σεμινάριο Κατάρτισης Εκπαιδευτικών-Στελεχών σε Θέματα Σεξουαλικής Αγωγής και Ισότητας των Φύλων.
Number of part/section of a work Τόμος Α'
260 ## - PUBLICATION, DISTRIBUTION, ETC.
Name of publisher, distributor, etc. Ελληνικά Γράμματα,
Date of publication, distribution, etc. 1996
300 ## - PHYSICAL DESCRIPTION
Extent 456
520 ## - SUMMARY, ETC.
Summary, etc. Ο παρόν τόμος περιλαμβάνει 34 διαλέξεις-εισηγήσεις διακεκριμένων Ελλήνων ακαδημαϊκών-ερευνητών στα θέματα της σεξουαλικής αγωγής και της ισότητας των δύο φύλων. Πρόλογος, Κατάλογος Εισηγητών Σεμιναρίου, Νομική Θεώρηση των Διαφυλικών Σχέσεων, Ιατρο-βιολογική Θεώρηση των Διαφυλικών Σχέσεων, Θεολογική Θεώρηση των Διαφυλικών Σχέσεων, Ψυχολική Θεώρηση των Διαφυλικών Σχέσεων,Παιδαγωγική - Εκπαιδευτική Θεώρηση των Διαφυλικών Σχέσεων, Αντί Επιλόγου.
700 1# - ΠΡΟΣΘΕΤΗ ΑΝΑΓΡΑΦΗ--ΦΥΣΙΚΟ ΠΡΟΣΩΠΟ
Personal name Γιαννίτσας Νικόλαος Δ
9 (RLIN) 281
700 1# - ΠΡΟΣΘΕΤΗ ΑΝΑΓΡΑΦΗ--ΦΥΣΙΚΟ ΠΡΟΣΩΠΟ
Personal name Καραθανάση-Κατσαούνου Αρετή
700 1# - ΠΡΟΣΘΕΤΗ ΑΝΑΓΡΑΦΗ--ΦΥΣΙΚΟ ΠΡΟΣΩΠΟ
Personal name Μπεζεβέγκης Ηλίας Γ
9 (RLIN) 502
700 1# - ΠΡΟΣΘΕΤΗ ΑΝΑΓΡΑΦΗ--ΦΥΣΙΚΟ ΠΡΟΣΩΠΟ
Personal name Παρασκευόπουλος Ιωάννης Μ
9 (RLIN) 202
942 ## - ADDED ENTRY ELEMENTS (KOHA)
Koha item type Books
Holdings
Τύπος τεκμηρίου Βιβλιοθήκη Τρέχουσα τοποθεσία Barcode Αριθμός εισαγωγής Ημερομηνία απόκτησης Ταξιθετικό σύμβολο Αριθμός αντιτύπου Κατάσταση απόσυρσης Κατάσταση χαμένου Κατάσταση κατεστραμμένου Μη δανεισμός Σύνολο δανεισμών Ημερομηνία τελευταίας εμφάνισης Η τιμή ισχύει από
Books MC Athens Campus Library MC Athens Campus Library 9780000003676 4411 05/06/2025 305.3 PAR V.A 1           05/06/2025 05/06/2025

MC Athens Campus Library
Πατησίων 94 & Κοδριγκτώνος 13, 104 34
Πελλήνης 8 & Πατησίων 107, 112 51
Τ: +30 210 8899600

MC Thessaloniki Campus Library
Ίωνος Δραγούμη 21, 54625 | Ίωνος Δραγούμη 15, 54625
Τ: +30 2310 287779 – Τ: +30 2314 440300